00473nam a22001457a 4500003000500000038001800005082000800023100001500031245011400046264003300160300002400193650001800217700003400235856005800269NUST aNusrat Nadeem a200 aAli, Ahmed aThe Impact of Environmental Stringency on Exports of Environmental Goods: Case Study of Pakistan/cAhmed Ali, aIslamabad,bS3H NUST,c2023. aill:b81,p:c30,cm. aMS-Economics  aSupervisor: Dr. Samina Naveed u http://10.250.8.41:8080/xmlui/handle/123456789/39165